| Record ID | marc_records_scriblio_net/part01.dat:168764990:671 |
| Source | Scriblio |
| Download Link | /show-records/marc_records_scriblio_net/part01.dat:168764990:671?format=raw |
LEADER: 00671cam 22002171 4500
001 06002684
003 DLC
005 20050901185522.0
008 820810s1872 nyuabf 000 0 eng
010 $a 06002684
035 $a(OCoLC)8675631
040 $aDLC$cOYU$dDLC
042 $apremarc
050 00 $aGC21$b.S7 1872
100 1 $aSonrel, L.$q(Léon),$d1839-1870.
245 14 $aThe bottom of the sea /$cby L. Sonrel ; tr. and ed. by Elihu Rich.
260 $aNew York :$bScribner, Armstrong,$c1872.
300 $axix, 402 p. :$bill., plates, fold. map ;$c18 cm.
440 0 $aIllustrated library of wonders
650 0 $aOcean.
700 1 $aRich, Elihu,$d1819-1875,$eed. and tr.